000 00661nam a2200217 a 4500
001 000014620
005 20200929163857.0
008 100115s1995 pe a 000 0bspa d
020 _a8483896125
040 _aDO-SdBNP
_bspa
_cBNPHU
082 _a922.22
_bL732F
100 1 _aFernández Fernández, Amaya,
_933117
245 1 0 _aSanta Rosa de Lima /
_cAmaya Fernández Fernández.
260 _aLima, Perú :
_bBrasa,
_c1995.
300 _a121, [4] p. :
_bil. ;
_c21 cm.
490 1 _aForjadores del perú
_v12
600 _aLIMA, ROSA DE,
_cSANTA
_d1586-1617
_933118
650 4 _aSantas
_933119
830 0 _aForjadores del perú ;
_v12
_933080
049 _aBNGR
999 _c14205
_d14205